Counting and Tracking : Development and Use of New Methods for Detailed Analysis of Thrombus Formation.

Bibliographic Details
Main Author: Tunströmer, Kjersti.
Format: eBook
Language:English
Published: Linköping : Linkopings Universitet, 2018.
Edition:1st ed.
Series:Linköping University Medical Dissertations Series
Subjects:
Online Access:Click to View
LEADER 01922nam a22003853i 4500
001 EBC5510173
003 MiAaPQ
005 20240729202202.0
006 m o d |
007 cr cnu||||||||
008 240729s2018 xx o ||||0 eng d
020 |a 9789176852231  |q (electronic bk.) 
035 |a (MiAaPQ)EBC5510173 
035 |a (Au-PeEL)EBL5510173 
035 |a (CaPaEBR)ebr11607956 
035 |a (OCoLC)1053795662 
040 |a MiAaPQ  |b eng  |e rda  |e pn  |c MiAaPQ  |d MiAaPQ 
100 1 |a Tunströmer, Kjersti. 
245 1 0 |a Counting and Tracking :  |b Development and Use of New Methods for Detailed Analysis of Thrombus Formation. 
250 |a 1st ed. 
264 1 |a Linköping :  |b Linkopings Universitet,  |c 2018. 
264 4 |c {copy}2018. 
300 |a 1 online resource (65 pages) 
336 |a text  |b txt  |2 rdacontent 
337 |a computer  |b c  |2 rdamedia 
338 |a online resource  |b cr  |2 rdacarrier 
490 1 |a Linköping University Medical Dissertations Series ;  |v v.1639 
505 0 |a Intro -- Abstract -- Populärvetenskaplig sammanfattning -- List of Papers -- Abbreviations -- Table of Contents -- Introduction -- Background -- 21Aims of the thesis -- Methods and materials -- Results -- General discussion -- Future perspectives -- Acknowledgements -- References -- Papers. 
588 |a Description based on publisher supplied metadata and other sources. 
590 |a Electronic reproduction. Ann Arbor, Michigan : ProQuest Ebook Central, 2024. Available via World Wide Web. Access may be limited to ProQuest Ebook Central affiliated libraries.  
655 4 |a Electronic books. 
776 0 8 |i Print version:  |a Tunströmer, Kjersti  |t Counting and Tracking  |d Linköping : Linkopings Universitet,c2018 
797 2 |a ProQuest (Firm) 
830 0 |a Linköping University Medical Dissertations Series 
856 4 0 |u https://ebookcentral.proquest.com/lib/matrademy/detail.action?docID=5510173  |z Click to View